000 00721nam a2200253Ia 4500
003 OSt
005 20220927110401.0
006 a|||||r|||| 00| 0
007 ta
008 220926b |||||||| |||| 00| 0 eng d
024 _a60668
037 _cReports
040 _aRTL
_cRTL
_beng
041 _2eng
_aeng
082 _a"X62.2.N7, M2/GD"
110 _aReserve Bank of India
245 0 _aReport of the working group on the role of banks in Implementation of New 20-Ponit Programme.
260 _aBombay
_bRBI India
_c1982
300 _a136p.
_ccm.
650 _aIndia
700 _aReserve Bank of India
942 _h"X62.2.N7, M2/GD"
_cCC
999 _c696115
_d696115